| 000 | 00750nam a2200169 i 4500 | ||
|---|---|---|---|
| 001 | 159290 | ||
| 003 | ES-MaACL | ||
| 005 | 20230906211529.0 | ||
| 008 | 981119s1877 sp |||| | spa d | ||
| 080 | _a343.21(091) | ||
| 100 | 1 |
_aMelchor y Lamanette, Federico. _9129802 |
|
| 245 | 1 | 3 |
_aLa penalidad en los pueblos antiguos y modernos _b: estudio histórico / _cpor Federico Melchor y Lamanette. |
| 260 |
_aMadrid : _b[s.n.], _c1877 ( _fImp. de la Revista de Legislación) |
||
| 300 |
_a160 p. ; _c21 cm. |
||
| 650 | 4 |
_aPenas- _vHistoria. _9161974 |
|
| 852 |
_aES-MaACL _jD-260(5) _z- Enc. en un vol. facticio, formando parte de la col. facticia "Estudios penitenciarios", n. 6 _z- Donativo Lastres _z- Dedicatoria ms. del autor a Francisco Lastres |
||
| 999 |
_c159290 _d159290 |
||